000 00998nam a2200265 i 4500
001 11854
003 KOSZ 005
005 20200724080823.0
008 080606s1964 pl a f 000 0 pol
015 _aPB 1964/4256
040 _aWA N
_cKOSZ 005/RW
_dKOSZ 005/RW
080 _a637
100 1 _aBartosik, Aleksander.
_eAutor.
245 1 0 _aDój mechaniczny w gospodarstwie chłopskim /
_cAleksander Bartosik, Mieczysław Starosta.
260 _aWarszawa :
_bPaństwowe Wydawnictwo Rolnicze i Leśne,
_c1964.
300 _a79, [1] s. :
_bil. ;
_c23 cm.
380 _aKsiążki.
490 1 _aBiblioteka Kół Hodowców Bydła CZSM.
650 4 _aDojarka mechaniczna
700 1 _aStarosta, Mieczysław.
710 2 _aPaństwowe Wydawnictwo Rolnicze i Leśne
_4pbl.
830 0 _aBiblioteka Kół Hodowców Bydła CZSM.
856 _uhttp://koha.tu.koszalin.pl/cgi-bin/koha/opac-detail.pl?biblionumber=11854
_yKatalog online BPK
942 _2UKD
_cKS
999 _c11854
_d11854